La encíclica de Paulo VI: populorum progressio
Sparad:
| Institutionella upphovsmän: | , |
|---|---|
| Materialtyp: | Bok |
| Språk: | spanska |
| Publicerad: |
Barcelona
Herder
1968
|
| Serie: | Pequeña Biblioteca Herder, 84
|
| Ämnen: | |
| Taggar: |
Lägg till en tagg
Inga taggar, Lägg till första taggen!
|
MARC
| LEADER | 00000nam a2200000 a 4500 | ||
|---|---|---|---|
| 001 | UCL3257 | ||
| 003 | CL-VaPUC | ||
| 005 | 20230324122130.0 | ||
| 008 | 031121e19680000SP |||||||||||||||||spa|d | ||
| 999 | |c 306369 |d 306367 | ||
| 040 | |c Pontificia Universidad Católica de Valparaíso | ||
| 082 | 0 | 4 | |a 262.91 |b INS |2 21 |
| 110 | 2 | |a Instituto Latinoamericano de Doctrina y Estudios Sociales |e author |9 480557 | |
| 245 | 1 | 3 | |a La encíclica de Paulo VI: populorum progressio |
| 260 | |a Barcelona |b Herder |c 1968 | ||
| 300 | |a 175 p | ||
| 490 | 0 | |a Pequeña Biblioteca Herder, 84 | |
| 583 | |a last modification |c 20031121 00:00:00 |k Rodrigo Vera | ||
| 600 | 0 | |a Pablo VI |q (Paulo VI), |c Papa |d 1897-1978 |9 482790 | |
| 650 | 0 | |a Encíclicas papales |9 314532 | |
| 650 | 7 | |a IGLESIA Y PROBLEMAS SOCIALES |2 CL-VaPUC |9 256615 | |
| 650 | 0 | |a Documentos pontificios |9 255642 | |
| 710 | 2 | |a ILADES |e author |9 480558 | |
| 942 | |c BK |2 ddc | ||
| 945 | |d 20031121 00:00:00 |a vberengu | ||
| 952 | |0 0 |1 0 |4 0 |6 262_910000000000000_INS_1968 |7 0 |8 A |9 371330 |a BIBTEO |b BIBTEO |d 2019-11-21 |i 2094991 |o 262.91 INS 1968 |p 2094991 |r 2025-01-17 |w 2019-11-21 |y BK |k ICR | ||